000 00666nam a2200253Ia 4500
005 20250425162122.0
008 250425s9999 xx 000 0 und d
020 _a8480556676
041 _aspa
082 _a629.224
110 _aCULTURAL EDICIONES
245 0 _aCAMIONES Y VEHICULOS PESADOS, REPARACION Y MANTENIMIENTO: TRANSMISION, CHASIS, EQUIPO ELECTRICO
250 _a1A ED.
260 _aEspaƱa
_bCULTURAL
_c2003
260 _aMADRID
300 _a308
650 _aCHASIS
650 _aEQUIPO ELECTRICO
650 _aFRENOS DE VEHICULOS
650 _aMANTENIMIENTO
650 _aSISTEMAS DE SUSPENSION
942 _c01
010 _a51140
999 _c222692
_d222692